000 03609cam a2200505 a 4500
999 _c4837
_d4837
001 ocn630480109
003 OCoLC
005 20180625130926.0
008 100524s2011 caua b 001 0 eng c
010 _a 2010021704
020 _a9780804769921
_q(cloth ;
_qalk. paper)
020 _a0804769923
_q(cloth ;
_qalk. paper)
020 _a9780804769938
_q(pbk. ;
_qalk. paper)
020 _a0804769931
_q(pbk. ;
_qalk. paper)
024 8 _a3335425
029 1 _aAU@
_b000045621648
029 1 _aCHRRO
_bR005741278
029 1 _aNZ1
_b13840792
035 _a(OCoLC)630480109
_z(OCoLC)717875920
040 _aCSt/DLC
_beng
_cDLC
_dYDX
042 _apcc
049 _aTZAA
050 0 0 _aHV6252
_b.M36
072 7 _as1ss
_2rero
082 0 0 _a364.1/35
_222
100 1 _aMandel, Robert,
_d1949-
245 1 0 _aDark logic :
_btransnational criminal tactics and global security /
_cRobert Mandel.
260 _aStanford, Calif. :
_bStanford Security Studies,
_c2011.
300 _ax, 255 pages :
_billustrations ;
_c24 cm
504 _aIncludes bibliographical references (pages 229-250) and index.
505 0 _aIntroduction : the central question -- Transnational organized crime's changing threat -- Corruption/violence and individual/state security -- Major transnational criminal organizations -- Major transnational criminal activities -- Analysis of case patterns -- Links between transnational criminals and terrorists -- Conclusion : policy implications.
520 _aSince the end of the Cold War, transnational non-state forces have been a major source of global instability, with many ominous and disruptive flows of people, goods, and services moving readily across international boundaries. And because these activities are so multifaceted and so intertwined within the fabric of society, they remain largely invisible until the intrusion is well-advanced and difficult to reverse. Thus, the threat posed by transnational organized crime ultimately undermines total security of countries, including economic, cultural, and political dimensions, and now presents an international security challenge of staggering proportions. No single book so far has fully addressed the scale of this threat to global stability from an international security perspective. Dark Logic examines in depth when and how transnational organized crime is likely to use corruption and violence to achieve its ends, and when and how these criminal activities most affect individual and state security. It pinpoints when and how negative consequences of these tactics and activities can be most successfully combated. Robert Mandel's book provides a unique lens for analyzing today's global security dilemmas. Given that the threat associated with transnational organized crime can endanger all citizens, from policy makers and security analysts to students, scholars, and the "man and woman on the street", this book is written in an intelligible style to make it accessible to anyone interested in ever-growing threats to national and international security--Publisher's description.
650 0 _aTransnational crime.
650 0 _aOrganized crime.
650 0 _aCorruption.
_913590
650 0 _aViolence.
650 0 _aSecurity, International.
650 7 _aCorruption.
_2fast
_913590
650 7 _aOrganized crime.
_2fast
650 7 _aSecurity, International.
_2fast
650 7 _aTransnational crime.
_2fast
650 7 _aViolence.
_2fast
776 0 8 _iOnline version:
_aMandel, Robert, 1949-
_tDark logic.
_dStanford, Calif. : Stanford Security Studies, 2011
_w(OCoLC)776096268
942 _2lcc
_cBOOK